000 00725 a2200217 4500
010 _aENG-89837
020 _c450.00
_a8183332404
035 _aEN-73370
037 _bDBAD / PUB
082 1 4 _a005.8
090 _c11795
_d11795
100 1 _aKhare, Rajat
245 1 _aEnterprise security:
_cby Rajat Khare and Varun Srivastava
_b(securing your digital assests)/
260 _aNew Delhi
_bBPB Publications
_c2008
270 _aB-14, Connaught Place
_bNew Delhi
_e110 001
300 _avi, 198p.
_c25 cm ( pbk)
500 _aIncludes glossary
700 _aSrivastava, Varun
942 _adpl
_cEN
_k 005.8 / KHA
999 _c11456
_d11456